Rafols Casamada / (Record no. 131482)

MARC details
000 -LEADER
campo de control de longitud fija 00611nam a2200205 4500
001 - NÚMERO DE CONTROL
campo de control 131482
003 - IDENTIFICADOR DE NÚMERO DE CONTROL
campo de control ES-MaACL
005 - FECHA Y HORA DE LA ÚLTIMA TRANSACCIÓN
campo de control 20230906194005.0
007 - CAMPO FIJO DE DESCRIPCIÓN FÍSICA--INFORMACIÓN GENERAL
campo de control de longitud fija t|
008 - DATOS DE LONGITUD FIJA--INFORMACIÓN GENERAL
campo de control de longitud fija 070214s1964 sp r ||||1| spa d
100 1# - ENTRADA PRINCIPAL--NOMBRE DE PERSONA
Nombre de persona Rodríguez Aguilera, Cesáreo.
9 (RLIN) 98320
245 10 - MENCIÓN DEL TÍTULO
Título Rafols Casamada /
Mención de responsabilidad, etc. Cesáreo Rodríguez Aguilera.
250 ## - MENCION DE EDICION
Mención de edición 1ª. ed.
260 ## - PUBLICACIÓN, DISTRIBUCIÓN, ETC.
Lugar de publicación, distribución, etc. Santander :
Nombre del editor, distribuidor, etc. [s.n.],
Fecha de publicación, distribución, etc. 1964 (
Fabricante Gráf. Gonzalo Bedia)
300 ## - DESCRIPCIÓN FÍSICA
Extensión 64 p., 11 lám. ;
Dimensiones 16 cm.
490 1# - MENCIÓN DE SERIE
Mención de serie La isla de los ratones
830 0# - PUNTO DE ACCESO ADICIONAL DE SERIE-TÍTULO UNIFORME
Título uniforme La isla de los ratones
9 (RLIN) 219579
852 ## - LOCALIZACIÓN
Ubicación ES-MaACL
Número de control de estantería C-26497
Sublocalización o colección R.54970
Holdings
Estatus retirado Estado de pérdida Estado de daño No para préstamo Biblioteca de origen Biblioteca actual Ubicación en estantería Fecha de adquisición Fuente de adquisición Total de préstamos Signatura topográfica completa Código de barras Visto por última vez Precio de reemplazo Tipo de ítem Koha
        Biblioteca del Ateneo de Madrid Biblioteca del Ateneo de Madrid Depósito 2 17/01/2008     C-26497 1136881 23/02/2023 23/02/2023 Libro impreso